000 00511nam a22001817a 4500
005 20251108175616.0
008 250721s2018 xx 000 0 ara d
082 1 4 _aق/عتو
100 1 _aالعتوم، أيمن
245 1 0 _aنفر من الجن / رواية /
250 _aط.18
264 _bعصير الكتب للنشر والتوزيع،
_c2018.
300 _a392ص.
650 1 7 _aالادب العربي
650 1 7 _aالروايات العربية
942 _2ddc
_cBK
999 _c138168
_d138168